Η ελληνική γλώσσα = La langue grecque
Αποθηκεύτηκε σε:
| Συλλογικό Έργο: | , |
|---|---|
| Μορφή: | Βιβλίο |
| Γλώσσα: | Greek French |
| Δημοσίευση: |
Αθήνα :
Υπουργείο Εθνικής Παιδείας και Θρησκευμάτων,
1995.
|
| Θέματα: | |
| Ετικέτες: |
Προσθήκη ετικέτας
Δεν υπάρχουν, Καταχωρήστε ετικέτα πρώτοι!
|
MARC
| LEADER | 00000cam a2200000 i 4500 | ||
|---|---|---|---|
| 001 | 1/9442 | ||
| 008 | 970228s1995####gr | | ||| |||| ||gre|| | ||
| 035 | |l 10017475 | ||
| 040 | |a GR-MY-UA |b gre |e aacr | ||
| 041 | 0 | |a gre |a fre | |
| 082 | 7 | |a 489.3 | |
| 245 | 0 | 2 | |a Η ελληνική γλώσσα = |b La langue grecque / |c Ελληνική Δημοκρατία. Υπουργείο Εθνικής Παιδείας και Θρησκευμάτων. Διεύθυνση Διεθνών Εκπαιδευτικών Σχέσεων ; Παιδαγωγικό Ινστιτούτο. Τμήμα Ερευνών, Τεκμηρίωσης και Εκπαιδευτικής Τεχνολογίας. |
| 246 | 1 | |i Παράλληλος τίτλος: |a La langue grecque | |
| 260 | |a Αθήνα : |b Υπουργείο Εθνικής Παιδείας και Θρησκευμάτων, |c 1995. | ||
| 300 | |a 165 σ. | ||
| 650 | 0 | |a Greek language. | |
| 710 | 2 | |a Παιδαγωγικό Ινστιτούτο |b Τμήμα Ερευνών, Τεκμηρίωσης και Εκπαιδευτικής Τεχνολογίας. | |
| 710 | 1 | |a Ελλάς. |b Υπουργείο Εθνικής Παιδείας και Θρησκευμάτων. | |
| 852 | |a INST |b LESVOS |e 19970228 |h 489.3 ΕΛΛ |p 005100011929 |q 005100011929 |t BK |y 0 | ||
| 922 | |a 1ΔΩΡ |b 199702 | ||